LIBRARY & INFORMATION CENTRE, KCAET, TAVANUR

ONLINE PUBLIC ACCESS CATALOGUE (OPAC)

Transport phenomena / (Record no. 10310)

MARC details
000 -LEADER
fixed length control field 00459cam a2200181ua 4500
020 ## - INTERNATIONAL STANDARD BOOK NUMBER
ISBN 0 471 07395 4
020 ## - INTERNATIONAL STANDARD BOOK NUMBER
ISBN 9788126508082
082 ## - DEWEY DECIMAL CLASSIFICATION NUMBER
Classification number 530.475
Item number BIR/TR
100 ## - MAIN ENTRY--AUTHOR NAME
Personal name Bird, Byron .
245 ## - TITLE STATEMENT
Title Transport phenomena /
250 ## - EDITION STATEMENT
Edition statement 2 nd
260 ## - PUBLICATION, DISTRIBUTION, ETC. (IMPRINT)
Place of publication London :
Name of publisher John Wiley & Sons ,
Year of publication 1960.
260 ## - PUBLICATION, DISTRIBUTION, ETC. (IMPRINT)
Place of publication New Delhi
Name of publisher Wiley India
Year of publication 2012
300 ## - PHYSICAL DESCRIPTION
Number of Pages 780 ; .
700 1# - ADDED ENTRY--PERSONAL NAME
Personal name Stewart, Warren E .
700 1# - ADDED ENTRY--PERSONAL NAME
Personal name Tightfoot, Edwin N .
942 ## - ADDED ENTRY ELEMENTS (KOHA)
Koha item type Books
Holdings
Withdrawn status Lost status Damaged status Home library Current library Date acquired Full call number Accession Number Koha item type Collection code Shelving location Source of acquisition Cost, normal purchase price
      KAUAET KAUAET 07/08/1986 530.475 BIR/TR 15321 Reference        
      KAUAET KAUAET 30/03/2013 530.475 BIR/TR 23691 Books Non-fiction General Stacks Calicut Book Distributors 539.00
free website counter